| 000 | 00737nam a22002297a 4500 | ||
|---|---|---|---|
| 005 | 20170529102750.0 | ||
| 010 | _aENG-118425 | ||
| 020 |
_c1195.00 _a9788131250921 |
||
| 035 | _aEN-101957 | ||
| 037 | _bDBAD/PUB | ||
| 082 | _a346.54072 | ||
| 245 |
_aPollock and Mulla the Sale of Goods Act : _cby Frederick Pollock [and] Dinshaw Fardunji Mulla |
||
| 250 | _a10th ed | ||
| 260 |
_aGurgaon _bLexisNexis _c2017 |
||
| 270 |
_a14th Floor, Building No.10, Tower-B, DLF Cyber City, Phase II _bGurgaon _e122002 |
||
| 300 |
_acxxii, 515p. _c25cm(Hb) |
||
| 500 | _aIncludes index | ||
| 700 | _aPollock, Frederick | ||
| 700 | _a Mulla,Dinshaw Fardunji | ||
| 700 | _aSapre Akshay | ||
| 942 |
_2ddc _cEN _mPOL _h346.54072 |
||
| 999 |
_c140468 _d140468 |
||